000 00555nam a2200193Ia 4500
005 20250923144836.0
008 008 250917s9999 xx 000 0 eng d
037 _aTextual
040 _aDSWL
_beng
_cDSWL
041 _aeng
_2eng
084 _aY31-48.2:N6u, N61
_qDSWL
245 0 _aEvaluation of the Gram Sahayak Programme
_cby Govt. of India
260 _aIndia
_bGovt.of India Planning
_c1961
300 _avi,144p.
365 _aINR
_b2.15
925 _g2.15
942 _cTEXL
_hY31-48.2:N6u, N61
999 _c1444025
_d1444025